Monumentálna maľba, architektúra, VŠVU 1960 - 1965

Bibliographic Details
Main Author: Brezina, Ľubomír (Author)
Format: Article
Language:Slovak

MARC

LEADER 00000nab a2200000ua 4500
001 vtls010743699
003 SK-MaSNL
005 20260304200713.0
008 250718s1966 xo |||||||||||||||||slo|
035 |a (urnnbn)urn:nbn:sk:snk:ar-a00psi 
035 |a (uuid)d42684d2-be64-4038-94d8-87fdab14d2e5 
035 |a urn:nbn:sk:snk-ab51lb 
040 |a SNKBUCL  |b slo  |c SNKBUCL  |e AACR2 
041 0 |a slo 
044 |a xo  |c SK 
100 1 |a Brezina, Ľubomír  |4 aut  |9 495159 
245 1 0 |a Monumentálna maľba, architektúra, VŠVU 1960 - 1965  |c Ľubomír Brezina 
773 0 |t Projekt  |g Roč. 8, č. 6 (1966), s. 134-135 
850 |a Slovenská národná knižnica 
852 |a Slovenská národná knižnica 
954 |a odborná, vedecká literatúra pôvodná (slovenská)  |2 lita 
958 |a article3 
958 |a OND 
958 |a EUIPO 
999 |c 3090313  |d 3092243